9-Letter Countries Quiz Stats

 Plays Quiz Updated Jul 2, 2018

Also try: 4-Letter Countries
Challenge
Share
Tweet
Embed
Score 0/14 Timer 04:00
3 Plays Today
% Correct
Argentina
80.9%
Australia
79.7%
Venezuela
67.3%
Indonesia
65.1%
Guatemala
61.8%
Nicaragua
59.3%
Lithuania
53.2%
% Correct
Costa Rica
49.7%
Macedonia
48.9%
Mauritius
44.2%
Singapore
40.8%
San Marino
39%
Cabo Verde
34.6%
Palestine
28%

You're not logged in!

Compare scores with friends on all Sporcle quizzes.
Join for Free
OR
Log In

You Might Also Like...

Show Comments

Extras

Top Quizzes Today


Score Distribution

Your Account Isn't Verified!

In order to create a playlist on Sporcle, you need to verify the email address you used during registration. Go to your Sporcle Settings to finish the process.

Report this User

Report this user for behavior that violates our Community Guidelines.

Details: